Municipios con Mercadona (Asturias/Asturies) - Estadísticas

Estadísticas generales
  • Esta prueba ha sido intentada 195 veces
  • La puntuación promedio es 7 de 10
Estadísticas de respuestas
Provincia Municipio Población % Correcto
Asturias/Asturies Gijón 269.894
100%
Oviedo 223.968
100%
Avilés 75.517
99%
Langreo 38.612
77%
Siero 53.049
75%
Villaviciosa 15.379
63%
Lena 10.382
49%
Castrillón 21.998
45%
Corvera de Asturias 15.785
38%
Parres 5.150
23%
No se encontraron pruebas coincidentes
Distribución de puntuación
Porcentaje de gente con cada puntuación
Porcentaje por número respondido
Historial de tus puntuaciones
No has intentado esta prueba.